Psicología del aprendizaje
Saved in:
| Hovedforfatter: | |
|---|---|
| Format: | Bog |
| Sprog: | spansk |
| Udgivet: |
Ciudad de México
Siglo Veintiuno
1981
|
| Serier: | Psicología y Etología
|
| Fag: | |
| Tags: |
Tilføj Tag
Ingen Tags, Vær først til at tagge denne postø!
|
MARC
| LEADER | 00000nam a2200000 a 4500 | ||
|---|---|---|---|
| 001 | UCY4060 | ||
| 003 | CL-VaPUC | ||
| 008 | 950126e19810000MX |||||||||||||||||spa|d | ||
| 082 | 0 | 4 | |a 370.15 |b ARD |2 21 |
| 100 | 0 | |a Ardila, Rubén |e author |9 332466 | |
| 245 | 1 | 0 | |a Psicología del aprendizaje |
| 300 | |a 236 p | ||
| 942 | |c BK | ||
| 945 | |d 19950126 00:00:00 |a rbrito | ||
| 260 | |a Ciudad de México |b Siglo Veintiuno |c 1981 | ||
| 650 | 0 | |a Psicología del aprendizaje |9 306854 | |
| 583 | |a last modification |c 19950126 00:00:00 |k Rodrigo Vera | ||
| 490 | 0 | |a Psicología y Etología | |
| 999 | |c 232031 |d 232029 | ||
| 952 | |0 0 |1 0 |4 0 |6 370_150000000000000_ARD_1981 |7 0 |8 P |9 236006 |a BIBEDU |b BIBEDU |c BIBEDU_PB |d 2019-11-15 |i 3058522 |o 370.15 ARD 1981 |p 3058522 |r 2024-01-25 |w 2019-11-15 |y BK |k EDU | ||
| 952 | |0 0 |1 0 |4 0 |6 370_150000000000000_ARD_1981 |7 0 |8 P |9 236007 |a BIBEDU |b BIBEDU |c BIBEDU_PB |d 2019-11-15 |i 3058735 |o 370.15 ARD 1981 |p 3058735 |r 2024-01-25 |w 2019-11-15 |y BK |k EDU | ||